West experience western civilization
Imagine your Western Civilization students evaluating evidence, making connections, and thinking analytically about the past and present. Imagine your students better understanding the development of western ideas and values and the impact on today’s world. WEST, a brief, lively narrative offers a r...
Enregistré dans:
| Auteur principal: | |
|---|---|
| Autres auteurs: | |
| Langue: | Undetermined English |
| Publié: |
New York
McGraw-Hill
|
| Sujets: | |
| Tags: |
Ajouter un tag
Pas de tags, Soyez le premier à ajouter un tag!
|
| Thư viện lưu trữ: | Trung tâm Học liệu Trường Đại học Trà Vinh |
|---|
| LEADER | 01326nam a2200265Ia 4500 | ||
|---|---|---|---|
| 001 | TVU_29263 | ||
| 008 | 210423s9999 xx 000 0 und d | ||
| 020 | |a 0077421299 | ||
| 020 | |a 9780077421298 | ||
| 041 | |a eng | ||
| 082 | |a 909.09821 | ||
| 082 | |b S553/V.1 | ||
| 100 | |a Sherman, Dennis | ||
| 245 | 0 | |a West | |
| 245 | 0 | |b experience western civilization | |
| 245 | 0 | |c Dennis Sherman, Joyce Salisbury | |
| 260 | |a New York | ||
| 260 | |b McGraw-Hill | ||
| 300 | |a 1 v. (various paging) | ||
| 300 | |b ill. | ||
| 300 | |c 28 cm | ||
| 520 | |a Imagine your Western Civilization students evaluating evidence, making connections, and thinking analytically about the past and present. Imagine your students better understanding the development of western ideas and values and the impact on today’s world. WEST, a brief, lively narrative offers a rich, innovative and integrated teaching and learning program for today’s Western Civilization courses. One that combines an outstanding design and a ground-breaking digital program, Connect History, that embraces instructor’s course goals while meeting students where they learn best, in an active environment | ||
| 650 | |a Civilization; Western; Civilization; Western | ||
| 700 | |a Dennis Sherman; Joyce Salisbury | ||
| 980 | |a Trung tâm Học liệu Trường Đại học Trà Vinh | ||


